000
00261pam a2200121 a 4500
020
_c
041
_a
eng
100
_a
C.K Ennedy.A.E.
245
_a
Human Disease
_h
Textual Documents
260
_a
New York
_b
Penguin Books Ltd
300
_a
267p.
930
_a
15268
999
_c
92168
_d
92168